[Event "Heraklion Gazi op 13th"]
[Site "Heraklion"]
[Date "2017.07.31"]
[Round "4"]
[White "Megalios, Konstantinos"]
[Black "Tolias, Fotis"]
[Result "1-0"]
[WhiteElo "2254"]
[BlackElo "1884"]
[PlyCount "71"]
[EventDate "2017.07.28"]
[EventType "swiss"]
[EventRounds "9"]
[EventCountry "GRE"]
[SourceTitle "CBM 179 Extra"]
[Source "ChessBase"]
[SourceDate "2017.08.23"]
[SourceVersion "1"]
[SourceVersionDate "2017.08.23"]
[SourceQuality "1"]

1. d4 Nf6 2. Nf3 g6 3. Bg5 Bg7 4. Nbd2 0-0 5. c3 d6 6. e3 Nc6 7. Bb5 Bd7 8. 0-0 a6 9. Be2 Qe8 10. e4 e5 11. Re1 h6 12. Bh4 Nh5 13. dxe5 dxe5 14. Nc4 Nf4 15. Bf1 Nd8 16. Qd2 Bg4 17. Rad1 Bxf3 18. gxf3 Nde6 19. Qd7 g5 20. Bg3 Rd8 21. Qxe8 Rfxe8 22. Bxf4 Nxf4 23. Na5 Bf8 24. b4 Rb8 25. Rd7 Bd6 26. Rd1 Kf8 27. Bc4 Re7 28. Rxe7 Bxe7 29. Rd7 c5 30. bxc5 Bxc5 31. Nxb7 Ba3 32. Rxf7+ Ke8 33. Rc7 Bb2 34. Bxa6 Bxc3 35. Rxc3 Rxb7 36. Rc8+ 1-0

[Event "Anogia op 5th"]
[Site "Anogia"]
[Date "2016.07.19"]
[Round "9"]
[White "Tolias, Fotis"]
[Black "Athanasiadis, Mihail"]
[Result "0-1"]
[WhiteElo "1880"]
[BlackElo "2034"]
[PlyCount "106"]
[EventDate "2016.07.12"]
[EventType "swiss"]
[EventRounds "9"]
[EventCountry "GRE"]
[SourceTitle "CBM 173 Extra"]
[Source "ChessBase"]
[SourceDate "2016.08.29"]
[SourceVersion "1"]
[SourceVersionDate "2016.08.29"]
[SourceQuality "1"]

1. d4 e6 2. c4 Nf6 3. g3 c5 4. d5 exd5 5. cxd5 d6 6. Nc3 g6 7. Bg2 Bg7 8. Nf3 0-0 9. 0-0 a6 10. a4 Nbd7 11. h3 Qe7 12. Nd2 Rb8 13. Nc4 Ne5 14. Na3 Ne8 15. f4 Nd7 16. Nc4 f5 17. Re1 Ndf6 18. e4 fxe4 19. Nxe4 Nxe4 20. Rxe4 Qd8 21. Bd2 Nf6 22. Re2 b6 23. Bc3 Nh5 24. Kh2 a5 25. Bxg7 Nxg7 26. Qd2 Ba6 27. b3 Nf5 28. Rae1 Rb7 29. Re6 Rd7 30. Qc3 Nd4 31. R6e4 Bb7 32. R4e3 Qc7 33. Na3 Ba6 34. Nc4 Rdf7 35. Re8 Bc8 36. Na3 Bd7 37. R8e7 Qd8 38. Qe3 Nf5 39. Rxd7 Qxd7 40. Qd2 Nd4 41. Qd3 Re7 42. Be4 Rfe8 43. Nc4 Qc7 44. Nd2 Qb7 45. Nc4 Qa6 46. Kg2 b5 47. axb5 Qxb5 48. Qb1 Qa6 49. Nd2 Qb7 50. Nc4 Qc7 51. Nd2 Qb8 52. Qd3 Qb4 53. Rb1 Qb5 0-1

[Event "Heraklion Gazi op 11th"]
[Site "Heraklion"]
[Date "2015.07.31"]
[Round "8"]
[White "Tolias, Fotis"]
[Black "Klokas, Konstantinos"]
[Result "1/2-1/2"]
[WhiteElo "1829"]
[BlackElo "2150"]
[PlyCount "94"]
[EventDate "2015.07.25"]
[EventType "swiss"]
[EventRounds "9"]
[EventCountry "GRE"]
[SourceTitle "CBM 167 Extra"]
[Source "ChessBase"]
[SourceDate "2015.09.14"]
[SourceVersion "1"]
[SourceVersionDate "2015.09.14"]
[SourceQuality "1"]

1. e4 g6 2. d4 Bg7 3. Nc3 c6 4. f4 d5 5. e5 h5 6. h3 Nh6 7. Be3 Nf5 8. Bf2 Qb6 9. Na4 Qa5+ 10. c3 b5 11. Nc5 b4 12. Qa4 Qxa4 13. Nxa4 bxc3 14. bxc3 Ba6 15. Rb1 Bxf1 16. Kxf1 h4 17. Rb7 Bh6 18. Nc5 Bxf4 19. Ke2 Kf8 20. Nf3 Kg7 21. Rhb1 g5 22. Ne1 Re8 23. Ned3 Bg3 24. Rc7 a5 25. Rbb7 Kg6 26. Ra7 Rxa7 27. Rxa7 Nd6 28. Bxg3 hxg3 29. Kf3 Nb5 30. Rxa5 Nxc3 31. Ra8 Rf8 32. Ra7 Nb5 33. Ra4 Rd8 34. Kxg3 Nd7 35. Nxd7 Rxd7 36. e6 Rd8 37. Ne5+ Kf6 38. exf7 Ke6 39. Nxc6 Rc8 40. Ra5 Nd6 41. Ra7 Nxf7 42. Nxe7 Rc3+ 43. Kf2 Nd6 44. Ng6 Ne4+ 45. Ke1 Rc1+ 46. Ke2 Rc2+ 47. Ke3 Rc3+ 1/2-1/2

[Event "Anogia op 3rd"]
[Site "Anogia"]
[Date "2014.07.30"]
[Round "1"]
[White "Antic, Dejan"]
[Black "Tolias, Fotis"]
[Result "1-0"]
[WhiteElo "2479"]
[BlackElo "1833"]
[PlyCount "77"]
[EventDate "2014.07.30"]
[EventType "swiss"]
[EventRounds "9"]
[EventCountry "GRE"]
[SourceTitle "CBM 161 Extra"]
[Source "ChessBase"]
[SourceDate "2014.08.29"]
[SourceVersion "1"]
[SourceVersionDate "2014.08.29"]
[SourceQuality "1"]

1. d4 Nf6 2. c4 c5 3. d5 e6 4. Nc3 exd5 5. cxd5 d6 6. Nf3 g6 7. g3 Bg7 8. Bg2 0-0 9. 0-0 a6 10. a4 Re8 11. Bf4 h6 12. a5 g5 13. Bd2 Bf5 14. h4 g4 15. Ne1 Nbd7 16. Nc2 Ne5 17. Ne3 Bg6 18. Na4 Ne4 19. Nb6 Rb8 20. Nbc4 Nxd2 21. Qxd2 f5 22. Nxe5 dxe5 23. Nc4 f4 24. d6 Bf7 25. Bd5 Bf6 26. Bxf7+ Kxf7 27. Qd5+ Kg7 28. d7 Rf8 29. Rad1 Bxh4 30. gxh4 Qxh4 31. Qxe5+ Kh7 32. Qe4+ Kh8 33. Ne5 Qg5 34. Ng6+ Kg7 35. Nxf8 Rxf8 36. Rd5 Qh4 37. Qe5+ Kh7 38. d8Q Rxd8 39. Qc7+ 1-0

[Event "Rethymno op 6th"]
[Site "Rethymno"]
[Date "2014.07.12"]
[Round "1"]
[White "Rychagov, Andrey"]
[Black "Tolias, Fotis"]
[Result "1-0"]
[WhiteElo "2543"]
[BlackElo "1833"]
[PlyCount "61"]
[EventDate "2014.07.12"]
[EventType "swiss"]
[EventRounds "9"]
[EventCountry "GRE"]
[SourceTitle "CBM 161 Extra"]
[Source "ChessBase"]
[SourceDate "2014.08.29"]
[SourceVersion "1"]
[SourceVersionDate "2014.08.29"]
[SourceQuality "1"]

1. d4 Nf6 2. Nf3 c5 3. d5 e6 4. c4 exd5 5. cxd5 d6 6. Nc3 g6 7. Bf4 a6 8. a4 Bg7 9. h3 Qe7 10. e3 Bf5 11. Nd2 0-0 12. Nc4 Rd8 13. Be2 Ne4 14. Nxe4 Qxe4 15. 0-0 Qe7 16. Qb3 Be5 17. Bxe5 dxe5 18. Rfd1 Bc8 19. Nb6 Ra7 20. Rac1 Qd6 21. Nc4 Qf6 22. a5 Nd7 23. Bg4 Qg5 24. e4 Nf6 25. Bxc8 Rxc8 26. Nb6 Rd8 27. Qd3 Nh5 28. Rxc5 Nf4 29. Qf3 Qe7 30. Rdc1 Rd6 31. Nc8 1-0

[Event "Anogia op 2nd"]
[Site "Anogia"]
[Date "2013.07.16"]
[Round "8"]
[White "Tolias, Fotis"]
[Black "Maris, Ioannis"]
[Result "0-1"]
[WhiteElo "1749"]
[BlackElo "1954"]
[PlyCount "72"]
[EventDate "2013.07.10"]
[EventType "swiss"]
[EventRounds "9"]
[EventCountry "GRE"]
[SourceTitle "CBM 155 Extra"]
[Source "ChessBase"]
[SourceDate "2013.08.26"]
[SourceVersion "1"]
[SourceVersionDate "2013.08.26"]
[SourceQuality "1"]

1. e4 d6 2. d4 Nf6 3. Nc3 g6 4. f3 c6 5. Bd3 Bg7 6. Nge2 Nbd7 7. Be3 a6 8. Qd2 b5 9. Bh6 Bxh6 10. Qxh6 Qb6 11. Nd1 Bb7 12. 0-0 c5 13. c3 cxd4 14. cxd4 Ne5 15. Nf2 Nc6 16. d5 Ne5 17. Kh1 0-0-0 18. h3 Kb8 19. Qd2 h5 20. Rac1 g5 21. Bb1 g4 22. f4 Nc4 23. Qd4 Qxd4 24. Nxd4 Nxb2 25. Nc6+ Bxc6 26. Rxc6 Kb7 27. Rfc1 Rc8 28. Nd3 Nc4 29. Nb4 a5 30. Rxc8 Rxc8 31. Nc6 e6 32. Rd1 exd5 33. exd5 g3 34. Bf5 Re8 35. Nd4 Kb6 36. Nf3 Ne3 0-1

[Event "Anogia op 2nd"]
[Site "Anogia"]
[Date "2013.07.15"]
[Round "7"]
[White "Christodoulaki, Antonia"]
[Black "Tolias, Fotis"]
[Result "1/2-1/2"]
[WhiteElo "1970"]
[BlackElo "1749"]
[PlyCount "82"]
[EventDate "2013.07.10"]
[EventType "swiss"]
[EventRounds "9"]
[EventCountry "GRE"]
[SourceTitle "CBM 155 Extra"]
[Source "ChessBase"]
[SourceDate "2013.08.26"]
[SourceVersion "1"]
[SourceVersionDate "2013.08.26"]
[SourceQuality "1"]

1. d4 Nf6 2. Nf3 d5 3. e3 Bg4 4. Bd3 Nbd7 5. c3 e5 6. dxe5 Bxf3 7. Qxf3 Nxe5 8. Qe2 Nxd3+ 9. Qxd3 c6 10. 0-0 Bd6 11. Nd2 0-0 12. Nf3 Re8 13. Rd1 Bc7 14. b3 Qe7 15. Bb2 Rad8 16. h3 Ne4 17. Qe2 g5 18. Rac1 h5 19. Ne1 Qe5 20. Kf1 Re6 21. c4 Qf5 22. Qf3 Qg6 23. g4 hxg4 24. Qxg4 f5 25. Qg2 Red6 26. Be5 R6d7 27. Bxc7 Rxc7 28. cxd5 Rcd7 29. Rd3 Rxd5 30. Rcd1 Rxd3 31. Rxd3 Rxd3 32. Nxd3 Qf6 33. Qh2 Qd6 34. Qxd6 Nxd6 35. Nc5 Kf7 36. Ke2 Ke7 37. f3 b6 38. Na4 Ke6 39. Nc3 Ke5 40. Kd3 a6 41. Na4 Nc8 1/2-1/2

[Event "Heraklion SOI op 4th"]
[Site "Heraklion"]
[Date "2012.01.04"]
[Round "2"]
[White "Lirindzakis, Timotheos"]
[Black "Tolias, Fotis"]
[Result "1-0"]
[WhiteElo "2330"]
[BlackElo "1678"]
[PlyCount "56"]
[EventDate "2012.01.04"]
[EventType "swiss"]
[EventRounds "7"]
[EventCountry "GRE"]
[SourceTitle "EXT 2024"]
[Source "ChessBase"]
[SourceDate "2023.10.10"]
[SourceVersion "1"]
[SourceVersionDate "2023.10.10"]
[SourceQuality "1"]

1. d4 Nf6 2. c4 c5 3. d5 e6 4. Nc3 exd5 5. cxd5 d6 6. Nf3 g6 7. Nd2 Bg7 8. e4 0-0 9. Be2 Nbd7 10. 0-0 Re8 11. a4 Ne5 12. Re1 Bg4 13. f3 Bc8 14. Nf1 c4 15. Be3 b6 16. Nd2 Ba6 17. Nb5 Nh5 18. Bxc4 Nxc4 19. Nxc4 Bxb5 20. axb5 Qh4 21. Qd2 Rac8 22. Rec1 f5 23. Rxa7 fxe4 24. Rxg7+ Nxg7 25. Nxd6 Rxc1+ 26. Qxc1 Rd8 27. Bg5 Qh5 28. Bxd8 exf3 1-0

[Event "Heraklion 3rd op A"]
[Site "Heraklion"]
[Date "2011.09.09"]
[Round "5"]
[White "Tolias, Fotis"]
[Black "Eleftherakis, Panagiotis"]
[Result "1/2-1/2"]
[WhiteElo "1704"]
[BlackElo "1546"]
[PlyCount "66"]
[EventDate "2011.09.06"]
[EventType "swiss"]
[EventRounds "7"]
[EventCountry "GRE"]
[SourceTitle "EXT 2024"]
[Source "ChessBase"]
[SourceDate "2023.10.10"]
[SourceVersion "1"]
[SourceVersionDate "2023.10.10"]
[SourceQuality "1"]

1. e4 Nf6 2. e5 Nd5 3. d4 d6 4. c4 Nb6 5. exd6 cxd6 6. Nc3 g6 7. Be3 Bg7 8. Rc1 Nc6 9. b3 e5 10. d5 Ne7 11. Bd3 Bf5 12. Nge2 Bxd3 13. Qxd3 Nf5 14. Ng3 Nxe3 15. Qxe3 f5 16. Nge2 0-0 17. 0-0 f4 18. Qh3 Rf5 19. Ne4 Qe7 20. N2c3 a6 21. a4 Re8 22. Rfd1 Nc8 23. b4 b6 24. Ne2 Bh6 25. Rc3 Rh5 26. Qd3 Qh4 27. h3 Rf8 28. c5 bxc5 29. bxc5 f3 30. gxf3 Qxh3 31. N2g3 Bf4 32. Nxh5 Bh2+ 33. Kh1 Bf4+ 1/2-1/2